| 000 | 00872nam a22002297a 4500 | ||
|---|---|---|---|
| 003 | UA-OsUOA | ||
| 001 | 101778 | ||
| 007 | ta | ||
| 008 | 20130814b un ||||| |||| 00| 0 ukr d | ||
| 090 |
_a373.5(082) _bД50 |
||
| 942 | _cBK | ||
| 040 |
_aUA-OsUOA _bukr _cUA-OsUOA _dUA-OsUOA |
||
| 245 |
_aДиференціація навчання на різних ступенях загальної середньої освіти _bматеріали методологічного семінару АПН України. 20 листопада 208 року, Київ _cгол. ред. Кремень В. Г. |
||
| 300 | _a188 с. | ||
| 955 | _a1 | ||
| 041 | _aukr | ||
| 080 | _a373.5(082) | ||
| 020 | _a978-966-644-152-5 | ||
| 260 |
_aК. _bПедагогічна думка _c2009 |
||
| 650 | 7 |
_a373 Види загальноосвітніх шкіл _2UDC |
|
| 999 |
_c387713 _d387713 |
||